| 000 | 00453nam a2200133Ia 4500 | ||
|---|---|---|---|
| 008 | 160809s9999 xx 000 0 und d | ||
| 100 | _aYamamoto, Koji. | ||
| 245 | _aEfficient Call Path Detection for Android-OS Size of Huge Source Code | ||
| 245 | _cKoji Yamamoto and Taka Matsutsuka. | ||
| 260 | _bComputer Science and Information Technology | ||
| 260 | _cJanuary 2016 | ||
| 650 | _xINFORMATION TECHNOLOGY | ||
| 856 | _uhttp://airccse.org/V6N49.html | ||
| 999 |
_c300057 _d300057 |
||